000 00468nmm a2200157Ia 4500
008 251105s9999||||xx |||||||||||||||||und||
020 _a9789580611820
041 _aspa
100 _aSanabria O., Carlos J.
245 0 _aLa odisea de un campesino en la gran ciudad
264 _a[Bogotá, Colombia] :
_bOveja Negra,
_c2012
300 _a152 páginas
650 _aLatin American narrative
856 _uhttps://public.digitaliapublishing.com/a/19883
942 _cCF
999 _c94860
_d94860